Edible action : food activism and alternative economics /

Bibliographic Details
Main Author: Miller, Sally
Format: Book
Language:English
Published: Black Point, N.S. : Fernwood Publishing, [2008]
Subjects:

MARC

Tag First Indicator Second Indicator Subfields
LEADER 00000cam a2200000 a 4500
001 in00002481237
005 20151110041639.0
008 080704s2008 nsc b 000 0 eng
020 |a 9781552662809 
020 |a 1552662802 
035 |a (OCoLC)ocn233786912 
040 |a NLC  |b eng  |c NLC  |d C#P  |d UtOrBLW 
049 |a TXAM 
050 0 |a HD9000.5  |b .M49 2008 
055 0 |a HD9000.5  |b M49 2008 
082 0 |a 338.19  |2 22 
100 1 |a Miller, Sally. 
245 1 0 |a Edible action :  |b food activism and alternative economics /  |c Sally Miller. 
264 1 |a Black Point, N.S. :  |b Fernwood Publishing,  |c [2008] 
264 4 |c ©2008 
300 |a 191 pages ;  |c 23 cm. 
336 |a text  |b txt  |2 rdacontent 
337 |a unmediated  |b n  |2 rdamedia 
338 |a volume  |b nc  |2 rdacarrier 
504 |a Includes bibliographical references (pages 182-191). 
650 0 |a Agriculture  |x Economic aspects. 
650 0 |a Food supply. 
650 0 |a Agriculture  |x Social aspects. 
650 0 |a Food industry and trade. 
945 |a PromptCat  |b 602273 
946 |a west,stk 
947 |a A14837430819 
948 |a cataloged  |b h  |c 2009/1/22  |d c  |e dmitchel  |f 2:24:16 pm 
994 |a 92  |b TXA 
999 |a MARS 
999 f f |s 0c055215-736f-3334-a5db-2ccbc8fde950  |i bc6ab832-30b0-3eae-a406-f13c00bb3f5a  |t 0 
952 f f |p ric  |a Texas A&M University  |b Rellis Campus  |c Joint Library Facility  |d Remote Storage  |t 0  |e HD9000.5 .M49 2008  |h Library of Congress classification  |i unmediated -- volume  |m A14837430819 
998 f f |a HD9000.5 .M49 2008  |t 0  |l Remote Storage